The Human machine: adjustments.

Gardado en:
Detalles Bibliográficos
Outros autores: Chauvin, Remy (ed.)
Formato: Libro
Idioma:English
Publicado: Garden City, N.Y., Doubleday, 1965.
Series:Encyclopedia of the life sciences v. 7
Subjects:
LEADER 00937nam a22002411 4500
001 c000142214
003 CARM
005 00000000000000.0
008 711207s1965 nyua 00000 eng
019 1 |a 57995937  |z 649011  |5 LACONCORD2021 
035 |a (OCoLC)383822  |5 LACONCORD2021 
050 0 0 |a RC81  |b .M1833 1965 
082 0 0 |a 610 
240 0 3 |a La Machine humaine: les reglages. English 
245 0 4 |a The Human machine: adjustments.  |c [Scientific editors: Remy Chauvin and others] 
260 |a Garden City, N.Y.,  |b Doubleday,  |c 1965. 
300 |a 158 p.  |b illus. (part col.)  |c 30 cm. 
440 0 |a Encyclopedia of the life sciences  |v v. 7 
650 0 |a Medicine, Popular. 
700 1 |a Chauvin, Remy.  |e ed. 
852 8 |b CARM  |h A2:AB15D1  |i E00092  |p 0035988  |f BK 
999 f f |i 495231bc-ab9f-535c-bea7-be1390413bda  |s cf983c41-9a19-5db2-b13d-a0c0330f380f 
952 f f |p Can circulate  |a CAVAL  |b CAVAL  |c CAVAL  |d CARM 1 Store  |e E00092  |f A2:AB15D1  |h Other scheme  |i book  |m 0035988